Southville International School and Colleges
Your cart is empty.
  • Cart
  • Lists
    Public lists Eva Luna New books Lux_list list_1
    Your lists Log in to create your own lists
  • Log in to your account
  • Your cookies
  • Search history
Southville International School and Colleges
  • Advanced search
  • Recent comments
  • Most popular
  • Libraries

Log in to your account

Log in with GOOGLE


If you do not have an external account, but do have a local account, you can still log in:

  1. Home
  2. MARC view: Theory of knowledge :
Normal view MARC view ISBD view

Theory of knowledge : (Record no. 335214)

[ view plain ]
MARC details
000 -LEADER
fixed length control field 00857nam a22002417a 4500
005 - DATE AND TIME OF LATEST TRANSACTION
control field 20170607090230.0
008 - FIXED-LENGTH DATA ELEMENTS--GENERAL INFORMATION
fixed length control field 170606b xxu||||| |||| 00| 0 eng d
020 ## - INTERNATIONAL STANDARD BOOK NUMBER
International Standard Book Number 9780199129737
050 ## - LIBRARY OF CONGRESS CALL NUMBER
Classification number BD 161 .D667 2013
100 ## - MAIN ENTRY--PERSONAL NAME
Personal name Dombrowski, Eileen
245 ## - TITLE STATEMENT
Title Theory of knowledge :
Remainder of title course companion /
Statement of responsibility, etc Eileen Dombrowski, Lena Rotenberg, Mimi Bick.
250 ## - EDITION STATEMENT
Edition statement 2013 edition
260 ## - PUBLICATION, DISTRIBUTION, ETC. (IMPRINT)
Place of publication, distribution, etc Oxford
Name of publisher, distributor, etc Oxford University Press
Date of publication, distribution, etc c2013
300 ## - PHYSICAL DESCRIPTION
Extent 438 p. :
Other physical details colored illustrations ;
Dimensions 28 cm.
440 ## - SERIES STATEMENT/ADDED ENTRY--TITLE
Title Oxford IB diploma programme
500 ## - GENERAL NOTE
General note Includes index.
650 ## - SUBJECT ADDED ENTRY--TOPICAL TERM
Source of heading or term Library of Congress Subject Headings
Topical term or geographic name as entry element Knowledge, Theory of
Form subdivision Examinations
General subdivision Study guides
650 ## - SUBJECT ADDED ENTRY--TOPICAL TERM
Source of heading or term Library of Congress Subject Headings
Topical term or geographic name as entry element International baccalaureate
700 ## - ADDED ENTRY--PERSONAL NAME
Personal name Rotenberg, Lena
700 ## - ADDED ENTRY--PERSONAL NAME
Personal name Bick, Mimi
942 ## - ADDED ENTRY ELEMENTS (KOHA)
Source of classification or shelving scheme Library of Congress Classification
Item type Books
Holdings
Withdrawn status Lost status Source of classification or shelving scheme Damaged status Home library Current library Shelving location Date acquired Total Checkouts Total Renewals Full call number Barcode Date last seen Date last borrowed Price effective from Koha item type Source of acquisition Copy number
    Library of Congress Classification   Luxembourg Library Luxembourg Library International Baccalaureate Section 06/07/2017 2 19 BD 161 .D667 2013 IB0245 11/23/2018 08/29/2018 06/07/2017 Books    
    Library of Congress Classification   Luxembourg Library Luxembourg Library International Baccalaureate Section 11/29/2018 4 6 BD 161 .D667 2013 IB0280 09/04/2024 07/30/2024 11/29/2018 Books Library fund 2

Theory of knowledge :

APA

Dombrowski E., Rotenberg L. & Bick M. (2013). Theory of knowledge. Oxford: Oxford University Press.

Chicago

Dombrowski Eileen, Rotenberg Lena and Bick Mimi. 2013. Theory of knowledge. Oxford: Oxford University Press.

Harvard

Dombrowski E., Rotenberg L. and Bick M. (2013). Theory of knowledge. Oxford: Oxford University Press.

MLA

Dombrowski Eileen, Rotenberg Lena and Bick Mimi. Theory of knowledge. Oxford: Oxford University Press. 2013.

  • Place hold
  • Print
  • Cite
  • Add to your cart (remove)
  • Save record
    BIBTEX Dublin Core MARCXML MARC (non-Unicode/MARC-8) MARC (Unicode/UTF-8) MARC (Unicode/UTF-8, Standard) MODS (XML) RIS
  • More searches
    Search for this title in:
    Other Libraries (WorldCat) Other Databases (Google Scholar) Online Stores (Bookfinder.com) Open Library (openlibrary.org)

Exporting to Dublin Core...

SOUTHVILLE LIBRARY

Southville International School and Colleges Library

1281 Tropical Ave. Cor. Luxembourg St., BF Homes International, Las Pinas City

Tel. No. 8256374 / 252358 Loc. 117/146

Powered by Koha